| 000 | 00462nam a2200145Ia 4500 | ||
|---|---|---|---|
| 008 | 231129s1992||||xx |||||||||||||| ||spa|| | ||
| 020 | _a958-9206-30-1 | ||
| 040 | _bspa | ||
| 082 | _a574.526 V297g | ||
| 100 | _aVargas Neira Marlene | ||
| 245 | 0 | _aGestión y ambiente : Experiencias de los países del convenio Andres Bello | |
| 260 | _c1992 | ||
| 264 | _aSecretaria Ejecutiva Convenio Andres Bello | ||
| 942 |
_2ddc _cBKS |
||
| 999 |
_c14509 _d14509 |
||